00585nam a2200157Ia 4500008004100000024005600041082001600097100006100113110002200174245002700196260002600223600002100249650003300270856010700303999001700410260210s9999 xx 000 0 und d a18B-040-CS, 18B-052-CS, 18B-118-CS & 18B-034-CS a004.072 KHU aMuhammad Khurram, Yasir Khan, M Rohaib Khan, Arsal Tariq aMiss Naveen Zehra 4aThe Insights-A toolbox aKarachi:bUITU,c2018 aComputer Science aBachelor of Engineering (BE) uhttps://drive.google.com/file/d/15m__dy0mei_GtCF7PHXLI-9Gr7oYWVfA/view?usp=sharingyClick here for PDF c32496d32496